| 000 | 00534nam a2200181Ia 4500 | ||
|---|---|---|---|
| 005 | 20250326123456.0 | ||
| 008 | 250326s9999 xx 000 0 und d | ||
| 037 | _aTextbook | ||
| 040 |
_aFMSL _beng _cFMSL |
||
| 041 |
_aeng _2eng |
||
| 084 |
_aX:95 P6 _qFMSL |
||
| 100 |
_aBrassard C _9735241 |
||
| 245 | 0 |
_aLabour market regulation and deregulation on Asia _cBrassard C; Acharya S |
|
| 260 |
_aNew Delhi _bNew Delhi, Academic Foundation _c2006 |
||
| 300 | _a229p | ||
| 942 |
_cTB _hX:95 P6 |
||
| 999 |
_c1269520 _d1269520 |
||